| 000 | 00592nam a2200217 i 4500 | ||
|---|---|---|---|
| 001 | bg | ||
| 100 | 1 | _aCIEPŁUCHA, Jan | |
| 245 | 1 | 0 |
_aLaboratorium podstaw metrologii / _cJan Ciepłucha ; Politechnika Łódzka. |
| 260 |
_aŁódź : _bWydaw. PŁ, _c1995. |
||
| 300 |
_a129, [1] s. : _brys., wykr. ; _c23 cm. |
||
| 504 | _aBibliogr. s. 123. | ||
| 650 | 9 | _aPomiary | |
| 655 | _aĆwiczenia i zadania | ||
| 020 | _a8386453648 | ||
| 040 | _cBPK | ||
| 041 | 0 | _apol | |
| 080 | _a621.317:53.08](076) | ||
| 920 | _a83-86453-64-8 | ||
| 942 | _cKS | ||
| 008 | s pl f |000 0 pol | ||
| 999 |
_c24532 _d24532 |
||
| 856 |
_uhttp://koha.tu.koszalin.pl/cgi-bin/koha/opac-detail.pl?biblionumber=24532 _yKatalog online BPK |
||